|
|
|
|
| LEADER |
00000cam a2200000 a 4500 |
| 001 |
UCE0096 |
| 003 |
CL-VaPUC |
| 008 |
140103e20130000ag |||||||||||||||||spa|d |
| 020 |
|
|
|a 9789872905484
|
| 082 |
0 |
4 |
|a 840.9
|b BAL
|2 21
|
| 100 |
|
|
|a Balzac, Honoré de
|e author
|9 265437
|
| 700 |
0 |
|
|a Baudelaire, Charles Pierre
|e author
|9 265454
|
| 700 |
0 |
|
|a Barbey d'Aurevilly, Jules Amadee
|e author
|9 572529
|
| 245 |
1 |
3 |
|a El gran libro del dandismo
|
| 250 |
|
|
|a 1a. ed
|
| 300 |
|
|
|a 360 p
|
| 942 |
|
|
|c BK
|
| 945 |
|
|
|d 20140103 12:15:00
|a dcastane
|
| 260 |
|
|
|a Buenos Aires
|b Mardulce
|c 2013
|
| 500 |
|
|
|a La obra incluye: Tratado de la vida elegante de Honoré de Balzac, El pintor de la vida moderna de Charles Baudelaire y Del Dandismo y de George Brummell de J. A. Barbey d'Aurevilly
|
| 650 |
|
0 |
|a Literatura francesa
|9 266330
|
| 650 |
|
0 |
|a Crítica literaria
|9 269189
|
| 650 |
|
7 |
|a DANDYSMO
|2 CL-VaPUC
|9 511346
|
| 583 |
|
|
|a last modification
|c 20190730 12:23:27
|k Rodrigo Vera
|
| 490 |
0 |
|
|a Ensayo
|
| 999 |
|
|
|c 354401
|d 354399
|
| 952 |
|
|
|0 0
|1 0
|3 erb
|4 0
|6 840_900000000000000_BAL_2013
|7 0
|8 A
|9 460241
|a BIBART
|b BIBART
|i 5037344
|o 840.9 BAL 2013
|p 5037344
|r 2025-03-13
|w 2019-11-23
|y BK
|z Catalogado en:20140103
|k ART
|